000 00797nam a2200229Ia 4500
003 GCL
008 140319s9999 xx 000 0 ara d
040 _aGCL /
_cGCL
082 0 4 _a301.242
_bم ع
100 1 _aمحمد الجوهرى
245 1 0 _aعلم الاجتماع وقضايا التنمية فى العالم الثالث /
_cمحمد الجوهرى
260 _a[S.N] :
_bدار المعرفة الجامعية ،
_c1990
300 _a355 ص
490 _aسلسلة علم الاجتماع المعاصر
_v0
650 0 4 _aالاجتماع
650 0 4 _aالاتصال
650 0 4 _aالتغير الاجتماعى
650 0 4 _aالاجتماع السياسى
650 0 4 _aالحركات الاجتماعية
650 0 4 _aاتخاذ القرارات
942 _2ddc
_cBK
999 _c27769
_d27769